000 nam a22 7a 4500
999 _c127644
_d127644
008 180315b xxu||||| |||| 00| 0 eng d
050 _aZ1001.M16
100 _aMcKerrow, Ronald
_940630
245 _aAn introduction to bibliogaphy for literary students
_c/ by Ronald B. McKerrow
260 _aLondon:
_bOxford at the Clarendon Press,
_c1927
300 _axv,359p.;
_c23cm.
650 _aBibliography
_940631
650 _aPrinting
_940632
650 _aBooks
_940633
942 _2lcc
_cMONOGRAPH